[Event "Puerto Lopez op"]
[Site "Puerto Lopez"]
[Date "2022.05.08"]
[Round "4"]
[White "Palencia Morales, Wilson Guillermo"]
[Black "Cubides, Noe"]
[Result "1-0"]
[WhiteElo "2317"]
[BlackElo "1579"]
[PlyCount "51"]
[EventDate "2022.05.07"]
[EventType "swiss"]
[EventRounds "6"]
[EventCountry "COL"]
[SourceTitle "CBM 208 Extra"]
[Source "ChessBase"]
[SourceDate "2022.07.31"]
[SourceVersion "1"]
[SourceVersionDate "2022.07.31"]
[SourceQuality "1"]

1. e4 e5 2. Nf3 Nc6 3. Bc4 h6 4. d4 exd4 5. 0-0 g6 6. c3 dxc3 7. Nxc3 Bg7 8. Qb3 Na5 9. Bxf7+ Kf8 10. Qa3+ Qe7 11. Qxa5 Kxf7 12. Qxc7 Nf6 13. e5 Ne8 14. Qc4+ Kf8 15. Nd5 Qe6 16. b3 d6 17. Ba3 Bd7 18. exd6 Nxd6 19. Qf4+ Kg8 20. Nc7 Be5 21. Nxe5 Rf8 22. Qxf8+ Kxf8 23. Nxe6+ Bxe6 24. Nxg6+ Kg7 25. Nxh8 Kxh8 26. Bxd6 1-0

[Event "Puerto Lopez op"]
[Site "Puerto Lopez"]
[Date "2022.05.07"]
[Round "2"]
[White "Castro Mendoza, Jhonier Andres"]
[Black "Cubides, Noe"]
[Result "1-0"]
[WhiteElo "1715"]
[BlackElo "1579"]
[PlyCount "30"]
[EventDate "2022.05.07"]
[EventType "swiss"]
[EventRounds "6"]
[EventCountry "COL"]
[SourceTitle "CBM 208 Extra"]
[Source "ChessBase"]
[SourceDate "2022.07.31"]
[SourceVersion "1"]
[SourceVersionDate "2022.07.31"]
[SourceQuality "1"]

1. c4 e5 2. g3 Nc6 3. Bg2 g6 4. Nc3 Nf6 5. d3 Bg7 6. Nf3 Qe7 7. 0-0 0-0 8. a3 e4 9. Nh4 exd3 10. exd3 d6 11. Re1 Be6 12. Bg5 Qd7 13. Qe2 Bh3 14. b4 Nd4 15. Bh6 Bh8 1-0

[Event "Puerto Lopez op"]
[Site "Puerto Lopez"]
[Date "2021.07.31"]
[Round "2"]
[White "Cubides, Noe"]
[Black "Casas Cobos, Julio Eduardo"]
[Result "0-1"]
[WhiteElo "1581"]
[BlackElo "1846"]
[PlyCount "70"]
[EventDate "2021.07.31"]
[EventType "swiss"]
[EventRounds "6"]
[EventCountry "COL"]
[SourceTitle "EXT 2022"]
[Source "ChessBase"]
[SourceDate "2021.10.06"]
[SourceVersion "1"]
[SourceVersionDate "2021.10.06"]
[SourceQuality "1"]

1. e4 c5 2. b3 Nc6 3. Bb2 e5 4. Nf3 d6 5. Nc3 Bg4 6. h3 Bh5 7. g4 Bg6 8. Qe2 a6 9. Nd5 Nf6 10. Nxf6+ Qxf6 11. 0-0-0 Qf4 12. Qe3 Qxe4 13. Qxe4 Bxe4 14. Be2 Be7 15. d3 Bd5 16. Rhg1 0-0-0 17. Kb1 h6 18. Nd2 Rhe8 19. Nc4 Kc7 20. a4 b5 21. axb5 axb5 22. Ne3 Be6 23. Rgf1 Bg5 24. Ng2 Nd4 25. Bxd4 exd4 26. f4 Bf6 27. f5 Bxb3 28. Bf3 Ba4 29. Bd5 Re2 30. Ne1 Rh2 31. Bg2 Bh4 32. Rg1 Bxe1 33. Rdxe1 Rd7 34. Re8 c4 35. dxc4 bxc4 0-1